000 00677nam a2200205 a 4500
001 000043180
005 20201002040712.0
008 140221s1976 sp ac 000 0 spa d
020 _a8473880161
040 _aDO-SdBNP
_bspa
_cBNPHU
082 _axxx
_bxxx
100 1 _aRojas, Carlos,
_d1928-
_970137
245 1 0 _aCuernos para el diálogo /
_cCarlos de Rojas y Manuel Vidal.
260 _aMadrid :
_bA. Q. Ediciones,
_c1976.
300 _a235 p. :
_bil., retrs. ;
_c21 cm.
490 1 _aLibro denuncia
_v7
500 _aIncluye referencias bibliográficas y notas al pie de las páginas
700 1 _aVidal, Manuel,
_d1945-2003.
_970769
830 0 _aLibro denuncia ;
_n7
_970770
999 _c42669
_d42669